| 000 | 00747nam a22002417a 4500 | ||
|---|---|---|---|
| 003 | UA-OsUOA | ||
| 001 | 37771 | ||
| 007 | ta | ||
| 008 | 20070515b un ||||| |||| 00| 0 ukr d | ||
| 100 | _aЛазарович П. | ||
| 090 |
_a94(477).152 _bЛ17 |
||
| 942 | _cBKA | ||
| 040 |
_aUA-OsUOA _bukr _cUA-OsUOA _dUA-OsUOA |
||
| 245 |
_aСоюз Українців Самостійників і українська визвольна справа _bРеферат |
||
| 300 | _a32 с. | ||
| 955 | _a1 | ||
| 041 | _aukr | ||
| 080 | _a94(477).152 | ||
| 260 |
_aВінніпег _c1951 |
||
| 773 | 0 |
_tУкраїнський Голос _gЕдмонтон _d1949 |
|
| 650 | 7 |
_a9 Географія. Біографії. Історія _2UDC |
|
| 999 |
_c436300 _d436300 |
||